Esposicion (sic) que el Ministerio de Hacienda dirige a las Camaras, al darles cuenta de los recursos con que ha contado el gobierno desde el dia 3 al 25 de julio de 1850 y de las medidas que ha dictado en diversos ramos de los que forman el erario (Record no. 2642)
[ view plain ]
| 000 -CABECERA | |
|---|---|
| campo de control de longitud fija | 00777nam a2200205 a 4500 |
| 001 - NÚMERO DE CONTROL | |
| campo de control | BRCA_2903 |
| 005 - FECHA Y HORA DE LA ÚLTIMA TRANSACCIÓN | |
| campo de control | 20190320204024.0 |
| 008 - DATOS DE LONGITUD FIJA--INFORMACIÓN GENERAL | |
| campo de control de longitud fija | 111208s1850----mx-a---###---#000-0#spa-# |
| 041 ## - CÓDIGO DE LENGUA | |
| Código de lengua del texto/banda sonora o título independiente | spa |
| 044 ## - CÓDIGO DEL PAÍS DE LA ENTIDAD EDITORA/PRODUCTORA | |
| Código MARC del país | mx |
| 084 ## - OTRO NÚMERO DE CLASIFICACIÓN | |
| Número de clasificación | HJ803 |
| Número de documento/Ítem | .P39 1850 |
| 100 1# - ENTRADA PRINCIPAL--NOMBRE DE PERSONA | |
| Nombre de persona | Payno Flores, Manuel |
| Fechas asociadas al nombre | 1810-1894 |
| 9 (RLIN) | 8081 |
| 245 10 - MENCIÓN DE TÍTULO | |
| Título | Esposicion (sic) que el Ministerio de Hacienda dirige a las Camaras, al darles cuenta de los recursos con que ha contado el gobierno desde el dia 3 al 25 de julio de 1850 y de las medidas que ha dictado en diversos ramos de los que forman el erario |
| Mención de responsabilidad, etc. | Manuel Payno. |
| 260 ## - PUBLICACIÓN, DISTRIBUCIÓN, ETC. | |
| Lugar de publicación, distribución, etc. | México |
| Nombre del editor, distribuidor, etc. | Imprenta de la Voz de la Religión |
| Fecha de publicación, distribución, etc. | 1850 |
| 300 ## - DESCRIPCIÓN FÍSICA | |
| Extensión | 15 p. |
| Otras características físicas | il. |
| Dimensiones | 23 cm. |
| 500 ## - NOTA GENERAL | |
| Nota general | B37 |
| 650 14 - PUNTO DE ACCESO ADICIONAL DE MATERIA--TÉRMINO DE MATERIA | |
| Término de materia o nombre geográfico como elemento de entrada | Finanzas públicas |
| Subdivisión geográfica | México |
| 9 (RLIN) | 8082 |
| 902 ## - CATALOGADOR | |
| Iniciales | GFM |
| 942 ## - ELEMENTOS DE PUNTO DE ACCESO ADICIONAL (KOHA) | |
| Fuente del sistema de clasificación o colocación | Library of Congress Classification |
| Tipo de ítem Koha | Libros |
| Estado de retiro | Estado de pérdida | Estado dañado | No para préstamo | Localización permanente | Ubicación/localización actual | Fecha de adquisición | Número de inventario | Total de préstamos | Signatura topográfica completa | Código de barras | Fecha visto por última vez | Precio válido a partir de | Tipo de ítem Koha |
|---|---|---|---|---|---|---|---|---|---|---|---|---|---|
| El ejemplar forma parte de la colección y puede ser consultado según las políticas vigentes. | Biblioteca del Museo Franz Mayer (Rogerio Casas-Alatriste) | Biblioteca del Museo Franz Mayer (Rogerio Casas-Alatriste) | 11/12/2008 | B37 | HJ803 .P39 1850 (B37) | 2900 | 22/03/2019 | 22/03/2019 | Libros |